000 00962nam a22002417a 4500
005 20180405093239.0
010 _aB-690684-685
020 _c100.00
035 _aB-690684-685
037 _bDiamond Pocket Books
082 _a954.0841
_bNAY
100 _aNayar, Kuldip
245 _aThe martyr :
_cby Kuldip Nayar
_bBhagat Singh-experiments in revolution /
260 _bHar-Anand Publications Pvt Ltd
_c2006
_aNew Delhi
270 _aE-49/3,Okhla Industrial Area, Phase -II
_bNew Delhi
_e110020
300 _a200p.
_c20cm(pbk)
500 _aBalidani
500 _aIncludes bibliographical references and index
650 _aRevolutions -- India -- Philosophy
650 _aSingh, Bhagat, -- 1907-1931
942 _2ddc
_cEN
_h954.0841
_mNAY
999 _c150776
_d150776